[Event "Pan American-ch U12 24th"]
[Site "Pocos de Caldas"]
[Date "2013.07.30"]
[Round "8.1"]
[White "Donoso Diaz, Sebastian"]
[Black "Garcia, Arturo Fernandez"]
[Result "1-0"]
[WhiteElo "1679"]
[BlackElo "2249"]
[PlyCount "87"]
[EventDate "2013.07.25"]
[EventType "swiss"]
[EventRounds "9"]
[EventCountry "BRA"]
[SourceTitle "EXT 2016"]
[Source "ChessBase"]
[SourceDate "2015.10.08"]
[SourceVersion "1"]
[SourceVersionDate "2015.10.08"]
[SourceQuality "1"]

1. e4 e5 2. Nf3 Nc6 3. Bc4 Nf6 4. d3 Bc5 5. Nc3 h6 6. Be3 Bb6 7. 0-0 d6 8. h3 Be6 9. Bb3 Qd7 10. d4 exd4 11. Nxd4 Nxd4 12. Bxd4 Bxd4 13. Qxd4 0-0 14. Rad1 Bxb3 15. axb3 Rfe8 16. Rfe1 Qc6 17. Re2 Qb6 18. Qxb6 axb6 19. Rde1 Re7 20. g3 Nd7 21. Nd5 Re5 22. Nxc7 Ra2 23. c4 Nc5 24. Rd1 Rxe4 25. Rxe4 Nxe4 26. Rd4 Nc5 27. b4 Na4 28. b3 Nb2 29. Rxd6 Ra3 30. Rxb6 Rxb3 31. c5 Nd3 32. Nd5 Rb2 33. g4 f6 34. Kg2 Kf8 35. Kf3 Ne5+ 36. Ke4 Nd7 37. Rb5 Rb1 38. f4 Ke8 39. Nc3 Rb2 40. Kd4 Kd8 41. Rxb7 Kc8 42. c6 Nb8 43. b5 Rd2+ 44. Kc5 1-0

[Event "Pan American-ch U12 24th"]
[Site "Pocos de Caldas"]
[Date "2013.07.29"]
[Round "6.2"]
[White "Pinto, Daniel"]
[Black "Garcia, Arturo Fernandez"]
[Result "0-1"]
[WhiteElo "1974"]
[BlackElo "2249"]
[PlyCount "78"]
[EventDate "2013.07.25"]
[EventType "swiss"]
[EventRounds "9"]
[EventCountry "BRA"]
[SourceTitle "EXT 2016"]
[Source "ChessBase"]
[SourceDate "2015.10.08"]
[SourceVersion "1"]
[SourceVersionDate "2015.10.08"]
[SourceQuality "1"]

1. e4 e5 2. Nf3 Nc6 3. Bb5 a6 4. Bxc6 dxc6 5. 0-0 Bg4 6. h3 h5 7. d3 Qf6 8. Be3 Bxf3 9. Qxf3 Qxf3 10. gxf3 Bd6 11. Nc3 Ne7 12. Ne2 Ng6 13. c3 c5 14. Rab1 0-0-0 15. Rfc1 Nh4 16. Kh2 f5 17. Ng1 f4 18. Bd2 Be7 19. d4 c6 20. b4 cxb4 21. cxb4 exd4 22. Bxf4 Rhf8 23. Be5 Nxf3+ 24. Nxf3 Rxf3 25. Kg2 Ra3 26. Rb2 Bf6 27. Bxf6 gxf6 28. f3 Kd7 29. Rd1 Ke6 30. Kf2 Rc3 31. Rbd2 Ke5 32. Ke2 b6 33. Rg1 Kf4 34. Rg6 Re3+ 35. Kd1 Rd6 36. h4 Rxf3 37. Re2 d3 38. Re1 d2 39. Reg1 Kxe4 0-1

[Event "Pan American-ch U12 24th"]
[Site "Pocos de Caldas"]
[Date "2013.07.26"]
[Round "1.10"]
[White "Garcia, Arturo Fernandez"]
[Black "Ramirez Gonzalez, Mauricio"]
[Result "1-0"]
[WhiteElo "2249"]
[BlackElo "1700"]
[PlyCount "49"]
[EventDate "2013.07.25"]
[EventType "swiss"]
[EventRounds "9"]
[EventCountry "BRA"]
[SourceTitle "EXT 2016"]
[Source "ChessBase"]
[SourceDate "2015.10.08"]
[SourceVersion "1"]
[SourceVersionDate "2015.10.08"]
[SourceQuality "1"]

1. e4 c5 2. Nf3 Nc6 3. d4 cxd4 4. Nxd4 g6 5. c4 Bg7 6. Be3 Nf6 7. Nc3 0-0 8. Be2 d6 9. 0-0 Bd7 10. f3 a5 11. Qd2 Re8 12. h3 Nh5 13. Kh2 Qb8 14. f4 Nxd4 15. Bxd4 Bxd4 16. Qxd4 Nxf4 17. Qf2 g5 18. g3 Bxh3 19. gxf4 Bxf1 20. Rxf1 Qa7 21. Qxa7 Rxa7 22. Nb5 Ra6 23. Nc7 Rb8 24. Nxa6 bxa6 25. b3 1-0